Top 50 Ambient Albums - Statistics

General Stats
  • This quiz has been taken 12 times
  • The average score is 6 of 50
Answer Stats
Artist Album % Correct
#3: Brian Eno Ambient 1: Music for Airports
45%
#7: GAS Pop
45%
#19: Oneohtrix Point Never Replica
36%
#26: William Basinski The Disintegration Loops
36%
#10: Tim Hecker Virgins
36%
#39: The KLF Chill Out
27%
#23: Grouper Dragging a Dead Deer Up a Hill
27%
#50: Hans Zimmer Interstellar
27%
#8: Tim Hecker Ravedeath, 1972
27%
#49: Akira Yamaoka Silent Hill
27%
#4: Stars of the Lid The Tired Sounds Of
27%
#15: Grouper A I A: Alien Observer
18%
#18: Brian Eno Ambient 4: On Land
18%
#6: Stars of the Lid And Their Refinement of the Decline
18%
#33: The Caretaker An Empty Bliss Beyond This World
18%
#1: Aphex Twin Selected Ambient Works Volume II
18%
#11: Steve Roach Structures from Silence
18%
#37: Harold Budd / Brian Eno with Daniel Lanois The Pearl
18%
#30: Harold Budd / Brian Eno Ambient 2: The Plateaux of Mirror
9%
#13: Brian Eno with Daniel Lanois & Roger Eno Apollo: Atmospheres & Soundtracks
9%
#41: Steve Roach Dreamtime Return
9%
#32: GAS Königsforst
9%
#46: Tim Hecker Konoyo
9%
#14: Tim Hecker Radio Amor
9%
#2: Akira Yamaoka Silent Hill 2
9%
#44: Stars of the Lid The Ballasted Orchestra
9%
#38: GAS Zauberberg
9%
#16: Global Communication 76:14
0%
#40: Matt Uelmen Diablo II
0%
#45: Windy & Carl Drawing of Sound
0%
#20: Mark Morgan Fallout
0%
#22: Mark Morgan Fallout 2
0%
#21: Kenji Kawa Ghost in the Shell
0%
#34: David Sylvian Gone to Earth
0%
#5: Tim Hecker Harmony in Ultraviolet
0%
#43: Hoedh Hymnvs
0%
#17: Popol Vuh In den Gärten Pharaos
0%
#31: Klaus Schulze Irrlicht
0%
#24: Steve Roach Mystic Chords & Sacred Spaces
0%
#42: Nuno Canavarro Plux Quba
0%
#27: Ulver Shadows of the Sun
0%
#47: Troum & All Sides Shutûn
0%
#28: Robert Rich Somnium
0%
#12: Biosphere Substrata
0%
#48: Roland Kayn Tektra
0%
#25: William Basinski The Disintegration Loops II
0%
#29: William Basinski The Disintegration Loops III
0%
#35: Jeremy Soule The Elder Scrolls IV: Oblivion
0%
#9: Angelo Badalamenti Twin Peaks: Limited Event Series Soundtrack
0%
#36: Tangerine Dream Zeit
0%
No matching quizzes found
Score Distribution
Percent of People with Each Score
Percentile by Number Answered
Your Score History
You have not taken this quiz